<?xml version="1.0" encoding="UTF-8"?>
<record
    xmlns:xsi="http://www.w3.org/2001/XMLSchema-instance"
    xsi:schemaLocation="http://www.loc.gov/MARC21/slim http://www.loc.gov/standards/marcxml/schema/MARC21slim.xsd"
    xmlns="http://www.loc.gov/MARC21/slim">

  <leader>01902nas a2200277Ia 4500</leader>
  <controlfield tag="001">R262-R5457</controlfield>
  <controlfield tag="003">IT-CnALBA</controlfield>
  <controlfield tag="008">170116c99999999xx ||||||||||||   ||und||</controlfield>
  <datafield tag="040" ind1=" " ind2=" ">
    <subfield code="a">IT-CnALBA</subfield>
    <subfield code="c">IT-CnALBA</subfield>
  </datafield>
  <datafield tag="041" ind1=" " ind2=" ">
    <subfield code="a">LATINO </subfield>
  </datafield>
  <datafield tag="100" ind1=" " ind2=" ">
    <subfield code="a">PIO XII, PAPA PACELLI EUGENIO.</subfield>
  </datafield>
  <datafield tag="210" ind1=" " ind2=" ">
    <subfield code="a">ACTA APOSTOLICAE SEDIS</subfield>
  </datafield>
  <datafield tag="222" ind1=" " ind2=" ">
    <subfield code="a">ACTA APOSTOLICAE SEDIS</subfield>
  </datafield>
  <datafield tag="245" ind1=" " ind2="0">
    <subfield code="a">ACTA APOSTOLICAE SEDIS. GENNAIO-DICEMBRE 1949. COMMENTARIUM OFFICIALE. </subfield>
  </datafield>
  <datafield tag="250" ind1=" " ind2=" ">
    <subfield code="a">1a ed.</subfield>
  </datafield>
  <datafield tag="260" ind1=" " ind2=" ">
    <subfield code="a"> ROMAE</subfield>
    <subfield code="b">TYPIS POLIGLOTTIS VATICANIS. </subfield>
    <subfield code="c">1949 [1&#xB0; Ed.:1949 - Ed.Ling.Originale: 1949]</subfield>
  </datafield>
  <datafield tag="300" ind1=" " ind2=" ">
    <subfield code="a">624 p. </subfield>
  </datafield>
  <datafield tag="310" ind1=" " ind2=" ">
    <subfield code="a">MENSILE/VARIABILE</subfield>
  </datafield>
  <datafield tag="362" ind1=" " ind2=" ">
    <subfield code="a">Fascicolo: 1-14 / Anno: 41 (1949)</subfield>
  </datafield>
  <datafield tag="500" ind1=" " ind2=" ">
    <subfield code="a">ATTI DEL PAPA. CONCISTORO SEGRETO. PEOVVISTA DI CHIESE. RICHIESTA DEL PALLIO. COSTITUZIONI APOSTOLICHE. EPISTOLE "PRIMO REVOLUTO SAECULO". "QUANQUAM NON IGNOTUS". ALLOCUZIONI AI GIURISTI D'ITALIA. AGLI IMPIEGATI E AVVOCATI DELLA SACRA ROMANA ROTA. DISCORSO AGLI AMMALATI PER RADIO. CONGREGAZIONE CONCISTORIALE. PROVVISTA DI CHIESE. CONGREGAZIONE DEI SACRAMENTI, DECRETO. COMUNICAZIONE DELLA CONGREGAZIONE DEI RITI. LETTERA AGLI ORDINARI DEL LUOGO. DELLA SACRA ROMANA ROTA, CITAZIONI, NULLITA' DI MATRIMONIO. </subfield>
  </datafield>
  <datafield tag="501" ind1=" " ind2=" ">
    <subfield code="a">Societ&#xE0; San Paolo EM - Piazza San Paolo, 14 - 12051 ALBA (CN)  (non commercial uses only) &#xAE; Copyright 2017</subfield>
  </datafield>
  <datafield tag="520" ind1=" " ind2=" ">
    <subfield code="a">ATTI DEL PAPA. CONCISTORO SEGRETO. PEOVVISTA DI CHIESE. RICHIESTA DEL PALLIO. COSTITUZIONI APOSTOLICHE. EPISTOLE "PRIMO REVOLUTO SAECULO". "QUANQUAM NON IGNOTUS". ALLOCUZIONI AI GIURISTI D'ITALIA. AGLI IMPIEGATI E AVVOCATI DELLA SACRA ROMANA ROTA. DISCORSO AGLI AMMALATI PER RADIO. CONGREGAZIONE CONCISTORIALE. PROVVISTA DI CHIESE. CONGREGAZIONE DEI SACRAMENTI, DECRETO. COMUNICAZIONE DELLA CONGREGAZIONE DEI RITI. LETTERA AGLI ORDINARI DEL LUOGO. DELLA SACRA ROMANA ROTA, CITAZIONI, NULLITA' DI MATRIMONIO. </subfield>
  </datafield>
  <datafield tag="650" ind1=" " ind2=" ">
    <subfield code="a">ECCLESIOLOGIA</subfield>
  </datafield>
  <datafield tag="942" ind1=" " ind2=" ">
    <subfield code="c">CR</subfield>
  </datafield>
  <datafield tag="957" ind1=" " ind2=" ">
    <subfield code="7">1</subfield>
  </datafield>
  <datafield tag="999" ind1=" " ind2=" ">
    <subfield code="a">49414</subfield>
    <subfield code="b">SI </subfield>
    <subfield code="g">1</subfield>
    <subfield code="c">323904</subfield>
    <subfield code="d">323904</subfield>
  </datafield>
  <datafield tag="952" ind1=" " ind2=" ">
    <subfield code="0">0</subfield>
    <subfield code="1">0</subfield>
    <subfield code="4">0</subfield>
    <subfield code="6">R_262R5457</subfield>
    <subfield code="7">1</subfield>
    <subfield code="a">ALBA</subfield>
    <subfield code="b">ALBA</subfield>
    <subfield code="d">2017-01-16</subfield>
    <subfield code="l">0</subfield>
    <subfield code="o">R262-R5457</subfield>
    <subfield code="r">2017-01-16 00:00:00</subfield>
    <subfield code="w">2017-01-16</subfield>
    <subfield code="y">CR</subfield>
    <subfield code="z">(data import: 16 gennaio 2017) - By Epidotti, Vaglietti. </subfield>
  </datafield>
</record>
